කරුමක්කාරී/

Saved in:
Bibliographic Details
Format: Book
Language:English
Sinhalese
Subjects:
Tags: Add Tag
No Tags, Be the first to tag this record!

MARC

LEADER 00000nam a22000007a 4500
003 LK-ApPL
005 20221222110446.0
008 221222b |||||||| |||| 00| 0 eng d
040 |a LK-ApPL  |b sin  |d LK-ApPL 
041 |a sin 
082 |2 23  |a 891.483 
245 |a කරුමක්කාරී/ 
300 |a පි.239:  |c සෙ.මි.18 
650 0 |a නවකතා  
942 |c REF 
999 |c 19793  |d 19793